Online
Catalog

Maternidad y paternidad en adolescentes 2007. / (Record no. 52227)

MARC details
000 -CABECERA
campo de control de longitud fija 01419nam a2200301 a 4500
003 - IDENTIFICADOR DEL NÚMERO DE CONTROL
campo de control DO-SdBNP
005 - FECHA Y HORA DE LA ÚLTIMA TRANSACCIÓN
campo de control 20240404093624.0
007 - CAMPO FIJO DE DESCRIPCIÓN FÍSICA--INFORMACIÓN GENERAL
campo de control de longitud fija ta
008 - DATOS DE LONGITUD FIJA--INFORMACIÓN GENERAL
campo de control de longitud fija 220725e2007 dr ad||fr|||| 001 0 spa d
040 ## - FUENTE DE LA CATALOGACIÓN
Centro catalogador/agencia de origen DO-SdBNP
Lengua de catalogación spa
Centro/agencia transcriptor BNPHU
082 #4 - NÚMERO DE LA CLASIFICACIÓN DECIMAL DEWEY
Número de edición 22
Número de documento/Ítem M425p
245 10 - MENCIÓN DE TÍTULO
Título Maternidad y paternidad en adolescentes 2007. /
Mención de responsabilidad, etc. Prólogo, Gilka Meléndez Fernández; Presentación, Agustín Encarnación Montero-.
246 14 - FORMA VARIANTE DE TÍTULO
Título propio/Titulo breve Maternidad y paternidad en adolescentes 2007:
Resto del título alerta ante un abismo creciente. /
260 ## - PUBLICACIÓN, DISTRIBUCIÓN, ETC.
Lugar de publicación, distribución, etc. Santo Domingo :
Nombre del editor, distribuidor, etc. CONAPOFA,
Fecha de publicación, distribución, etc. 2007
300 ## - DESCRIPCIÓN FÍSICA
Extensión 126 P. :
Otras características físicas il., gráf. ;
Dimensiones 28 cm.
504 ## - NOTA DE BIBLIOGRAFÍA, ETC.
Nota de bibliografía, etc. Bibliografía: p. 49 y 120
505 ## - NOTA DE CONTENIDO CON FORMATO
Nota de contenido con formato Prólogo.
505 ## - NOTA DE CONTENIDO CON FORMATO
Nota de contenido con formato Presentación.
Título I. Introducción.
-- II. Objetivos.--
-- III. Marco Conceptual.--
-- IV. Metodología.--
-- V. Resultados.--
-- 5.1. Estudio Cauntitativo.--
-- Bibliografía.--
-- 5.2. Estudio Cualitativo.--
-- VII. Recomendaciones.--
-- Anexos.--
-- Bibliografía.
590 ## - NOTA LOCAL (RLIN)
Nota local Inventariado 2022 / MF
650 #4 - PUNTO DE ACCESO ADICIONAL DE MATERIA--TÉRMINO DE MATERIA
9 (RLIN) 13981
Término de materia o nombre geográfico como elemento de entrada Embarazo en Adolescente
Subdivisión geográfica República Dominicana
650 #0 - PUNTO DE ACCESO ADICIONAL DE MATERIA--TÉRMINO DE MATERIA
9 (RLIN) 13854
Término de materia o nombre geográfico como elemento de entrada Paternidad
Subdivisión general República Dominicana
700 1# - PUNTO DE ACCESO ADICIONAL--NOMBRE DE PERSONA
9 (RLIN) 32053
Nombre de persona Meléndez Fernández, Gilka
Término indicativo de función/relación pról.
700 #2 - PUNTO DE ACCESO ADICIONAL--NOMBRE DE PERSONA
Nombre de persona Encarnación Montero, Agustín
9 (RLIN) 82085
710 2# - PUNTO DE ACCESO ADICIONAL--NOMBRE DE ENTIDAD CORPORATIVA
Nombre de entidad corporativa o nombre de jurisdicción como elemento de entrada Consejo Nacional de Población y Familia (República Dominicana)
9 (RLIN) 6985
710 2# - PUNTO DE ACCESO ADICIONAL--NOMBRE DE ENTIDAD CORPORATIVA
Nombre de entidad corporativa o nombre de jurisdicción como elemento de entrada Fondo de Naciones Unidas para Actividades en Materia de Población
9 (RLIN) 52170
910 ## - DATOS DE OPCIÓN DEL USUARIO (OCLC)
Datos de opción del usuario MFeliz
942 ## - ELEMENTOS DE PUNTO DE ACCESO ADICIONAL (KOHA)
Fuente del sistema de clasificación o colocación Dewey Decimal Classification
Tipo de ítem Koha Libro
Holdings
Estado de retiro Estado de pérdida Fuente del sistema de clasificación o colocación Restricciones de uso No para préstamo Código de colección Localización permanente Ubicación/localización actual Ubicación en estantería Fecha de adquisición Fuente de adquisición Total de préstamos Código de barras Fecha visto por última vez Precio válido a partir de Tipo de ítem Koha
    Dewey Decimal Classification Excluido de préstamo   Patrimonio Dominicano Biblioteca Nacional Pedro Henríquez Ureña Biblioteca Nacional Pedro Henríquez Ureña En catalogación 25.07.2018 Donado por CERTV   2022-3558 25.07.2022 25.07.2022 Libro

Powered by Koha